Statistics for NBA All-Stars Active Players

Click here to take the quiz!

General Stats

  • This quiz has been taken 3,117 times
    (407 since last reset)
  • The average score is 54 of 67

Answer Stats

NbrPlayerTeamLast% Correct
10Stephen CurryGolden State Warriors2024
100%
14Kevin DurantPhoenix Suns2024
99%
20LeBron JamesLos Angeles Lakers2024
99%
5Klay ThompsonGolden State Warriors2019
98%
8Anthony DavisLos Angeles Lakers2024
96%
6Kawhi LeonardLos Angeles Clippers2024
96%
4Draymond GreenGolden State Warriors2022
95%
8Giannis AntetokounmpoMilwaukee Bucks2024
95%
10James HardenLos Angeles Clippers2022
95%
5Jayson TatumBoston Celtics2024
95%
6Jimmy ButlerMiami Heat2022
95%
7Joel EmbiidPhiladelphia 76ers2024
95%
5Luka DončićDallas Mavericks2024
95%
6Nikola JokićDenver Nuggets2024
95%
8Damian LillardMilwaukee Bucks2024
94%
8Kyrie IrvingDallas Mavericks2023
94%
9Paul GeorgeLos Angeles Clippers2024
94%
4Devin BookerPhoenix Suns2024
93%
3Jaylen BrownBoston Celtics2024
93%
9Russell WestbrookLos Angeles Clippers2020
93%
12Chris PaulGolden State Warriors2022
92%
3Trae YoungAtlanta Hawks2024
92%
6DeMar DeRozanChicago Bulls2023
91%
5Donovan MitchellCleveland Cavaliers2024
91%
4Karl-Anthony TownsMinnesota Timberwolves2024
91%
1LaMelo BallCharlotte Hornets2022
90%
2Anthony EdwardsMinnesota Timberwolves2024
89%
2Ja MorantMemphis Grizzlies2023
89%
1De'Aaron FoxSacramento Kings2023
88%
3Bam AdebayoMiami Heat2024
87%
3Domantas SabonisSacramento Kings2023
87%
2Zach LaVineChicago Bulls2022
87%
2Shai Gilgeous-AlexanderOklahoma City Thunder2024
86%
2Zion WilliamsonNew Orleans Pelicans2023
86%
2Tyrese HaliburtonIndiana Pacers2024
85%
3Khris MiddletonMilwaukee Bucks2022
84%
3Rudy GobertMinnesota Timberwolves2022
84%
1Jalen BrunsonNew York Knicks2024
83%
3Julius RandleNew York Knicks2024
83%
2Jrue HolidayBoston Celtics2023
82%
3Bradley BealPhoenix Suns2021
80%
1Jaren Jackson Jr.Memphis Grizzlies2023
78%
1Andrew WigginsGolden State Warriors2022
77%
1Paolo BancheroOrlando Magic2024
77%
5Al HorfordBoston Celtics2018
75%
1Dejounte MurrayAtlanta Hawks2022
75%
1Tyrese MaxeyPhiladelphia 76ers2024
74%
1Darius GarlandCleveland Cavaliers2022
73%
1Brandon IngramNew Orleans Pelicans2020
72%
1Lauri MarkkanenUtah Jazz2023
72%
6Kyle LowryCharlotte Hornets2020
71%
2Pascal SiakamIndiana Pacers2023
71%
1Scottie BarnesToronto Raptors2024
71%
1Brook LopezMilwaukee Bucks2013
69%
1Jarrett AllenCleveland Cavaliers2022
69%
2Nikola VučevićChicago Bulls2021
68%
1D'Angelo RussellLos Angeles Lakers2019
67%
1Kristaps PorzingisBoston Celtics2018
66%
5Kevin LoveMiami Heat2018
64%
1Mike ConleyMinnesota Timberwolves2021
63%
3Derrick RoseMemphis Grizzlies2012
62%
3Ben SimmonsBrooklyn Nets2021
58%
1Fred VanVleetHouston Rockets2022
58%
1Gordon HaywardCharlotte Hornets2017
56%
1DeAndre JordanDenver Nuggets2017
44%
2Andre DrummondChicago Bulls2018
42%
2Victor OladipoMemphis Grizzlies2019
23%

Score Distribution

Percentile by Number Answered

Percent of People with Each Score

Your Score History

You have not taken this quiz since the last reset